[Event "IV Copa Marcel Duchamp 2020"]
[Site "Montevideo"]
[Date "2020.02.09"]
[Round "2.2"]
[White "Hernandez Guerrero, Gilberto"]
[Black "Vazquez, Facundo"]
[Result "1-0"]
[WhiteElo "2557"]
[BlackElo "2155"]
[Annotator "TA"]
[PlyCount "105"]
[EventDate "2020.02.08"]
[EventType "swiss"]
[EventCountry "URU"]
[SourceTitle "playchess.com"]
[Source "ChessBase"]
[SourceQuality "1"]

{[%evp 16,105,17,12,46,40,37,-16,0,0,36,18,4,5,12,8,13,12,15,12,16,22,20,12,12,31,65,46,98,98,100,63,63,63,63,56,62,53,51,62,71,71,94,80,79,80,77,76,77,76,76,76,76,74,74,72,74,72,83,83,86,83,91,91,115,91,141,164,181,184,172,157,149,150,358,189,189,189,189,189,457,189,188,189,1500,230,230,229,5096,4982,5702,5439]} 1. e4 e6 2. d4 d5 3. Nd2 Nf6 4. e5 Nfd7 5. f4 c5 6. Ngf3 Nc6 7. Nb3 cxd4 8. Nbxd4 Qb6 {8...Nc5 is becoming the main line.} 9. c3 Bc5 {C11: French: Classical System: 4 e5 and 4 Bg5 dxe4.} 10. a3 a5 11. Rb1 {[#]} ({Better is} 11. Be2 $14) 11... Nxd4 $146 {The position is equal.} ({Predecessor:} 11... O-O 12. Bd3 Nxd4 13. cxd4 Be7 14. Qc2 h6 15. h4 f5 16. g4 fxg4 17. Bh7+ Kh8 {0-1 (45) Brendel,B (2061)-Busch,F (1872) Bad Homburg 2014}) 12. Nxd4 f6 (12... Bxa3 $5 13. Be3 Bc5 $15) 13. exf6 Nxf6 14. Be3 O-O 15. b4 Bxd4 16. Bxd4 Qc7 17. Be5 Qe7 18. Bb5 Bd7 19. Bd3 axb4 20. axb4 Bc6 21. O-O Rfd8 (21... Ra2 $14) 22. Qe2 Ne4 23. Rf3 (23. Ra1 {feels hotter.} Rdc8 24. Bd4 Qf7 25. g3 Qf5 26. Be5) 23... Be8 24. Bxe4 dxe4 25. Rg3 Bg6 26. Bd4 Qc7 27. Rf1 Rd7 28. Rg5 Rf8 29. Re5 Rd5 30. Rxe6 Rxf4 31. Rxf4 Qxf4 32. Re7 Qc1+ 33. Qf1 Qxf1+ 34. Kxf1 $16 {[%mdl 4096] Endgame KRB-KRB} Rf5+ 35. Ke2 Rf7 36. Re5 Rc7 37. Ke3 Kf7 38. g4 h6 39. h4 Bh7 40. Rb5 Ke6 41. h5 Rf7 {[#]} 42. c4 $1 Kd6 43. Rb6+ Kc7 {[#] Strongly threatening ...Rf3+.} 44. c5 $1 Re7 $2 (44... Rf3+ $16 {was necessary.} 45. Ke2 Bg8 46. Be5+ (46. Bxg7 Bc4+ 47. Kd1 e3 $11) 46... Kd8) 45. Rd6 (45. b5 $142) 45... Rf7 $18 46. Ke2 Re7 47. b5 {Black must now prevent Bc3.} e3 $2 (47... Bg8 {was worth a try.} 48. Ke3 Bh7) 48. Bxe3 (48. Bc3 $142 {aiming for Ba5+.} Re8 49. Bxg7) 48... Bg8 49. Kf3 Re6 $2 (49... Kc8 50. b6 Bb3) 50. Rxe6 $2 (50. b6+ Kc8 51. Rxe6 Bxe6 52. Bd4) 50... Bxe6 51. Bd4 g6 $2 (51... Bc4 52. Bxg7 Bxb5 53. Bxh6 Kd7) 52. g5 hxg5 53. h6 {Accuracy: White = 76%, Black = 61%.} 1-0

[Event "IV Copa Marcel Duchamp 2020"]
[Site "Montevideo"]
[Date "2020.02.09"]
[Round "2.3"]
[White "Trois, Francisco R.T."]
[Black "Tristan, Leonardo"]
[Result "0-1"]
[WhiteElo "2141"]
[BlackElo "2533"]
[Annotator "TA"]
[PlyCount "126"]
[EventDate "2020.02.08"]
[EventType "swiss"]
[EventCountry "URU"]
[SourceTitle "playchess.com"]
[Source "ChessBase"]
[SourceQuality "1"]

{[%evp 19,126,-33,-42,-44,-31,-47,-7,-27,-34,-36,-26,-29,-38,-50,-35,-35,-39,-43,-35,-45,-20,-29,-25,-18,0,-6,25,23,77,81,89,38,53,0,0,0,111,112,116,117,133,108,138,116,193,101,87,88,100,69,54,55,64,53,70,51,110,47,60,60,49,65,93,72,72,59,59,61,67,0,62,0,0,0,0,0,22,9,49,0,0,0,0,-20,0,-19,0,0,0,-35,-19,-53,-38,-20,-117,-263,-218,-589,-553,-1192,-988,-1556,-1420,-1218,-1258,-1209,-1275,-1493,-1279]} 1. Nf3 d5 2. g3 Nf6 3. Bg2 e6 4. O-O Be7 5. b3 O-O 6. Bb2 c5 7. c4 d4 8. e3 Nc6 9. d3 e5 10. exd4 exd4 11. Re1 {11.h3 is the modern continuation. A14: English Opening: 1...e6 with b3 by White.} Bd6 12. Na3 Bf5 13. Nc2 {The position is equal.} a5 14. Nh4 Bg4 15. Qd2 Qd7 {[#]} 16. f4 $146 ({Predecessor:} 16. Na3 Rac8 17. Nb5 Bb8 18. a3 h6 19. f4 Bh3 20. Bxh3 Qxh3 21. Qg2 Qd7 22. Bc1 {½-½ (41) Jirovsky,M (2305)-Mozny,M (2385) Czechoslovakia 1991}) 16... Bh3 17. Bxh3 Qxh3 18. Qg2 Qd7 19. a4 Ra6 20. Bc1 Rb6 21. Rb1 Ne7 22. Bd2 Ra8 (22... Ra6 {feels hotter.} 23. Na3 Nc6 24. Qf3 Raa8 25. Nb5 Rae8) 23. Na3 Nf5 {[#]} (23... Nc6 $11 {remains equal.}) 24. Nxf5 $1 $16 Qxf5 25. Qf1 (25. Qf3 $16) 25... h5 $14 26. h3 (26. Nb5 $14) 26... Bb8 $11 27. Kg2 Bd6 (27... Raa6 $11) 28. Qf3 Qd7 29. Nb5 Rc6 30. Re2 Bf8 31. Rbe1 b6 (31... g6 $16 {was necessary.}) 32. Re5 (32. f5 $18) 32... Rcc8 $16 {[#]} 33. f5 $1 Re8 34. g4 hxg4 35. hxg4 Rxe5 36. Rxe5 Re8 37. Bf4 g6 (37... Rxe5 $14 38. Bxe5 Ne8) 38. Kf2 (38. Nc7 $16 Rxe5 39. Bxe5) 38... Rxe5 $1 $14 39. Bxe5 Qe7 40. Bf4 Nd7 41. fxg6 fxg6 42. Qd5+ Kh8 43. Qh1+ Kg8 $1 44. Qd5+ Kh8 45. Bg5 ({White should play} 45. g5 $14) 45... Nf6 $1 $11 {[%cal Rf6d5]} 46. Qf3 Bg7 47. Bf4 Qd7 48. Kg3 Qe6 49. Bd2 (49. Nc7 $5 {[%cal Rc7e6]} Qe1+ 50. Kh3 $11) 49... Nd7 50. Bf4 Ne5 51. Bxe5 Qxe5+ 52. Kf2 Qh2+ 53. Kf1 Kh7 54. Ke1 Be5 55. Kf1 Kh6 $36 {[%mdl 2048] Hoping for ...Bb8. White is under pressure.} 56. Na7 $1 Kg5 57. Nc6 (57. Nc8 $17 {was forced.}) 57... Bf6 58. Qe4 $2 (58. Qd5+ {is a better chance.} Kxg4 59. Qe6+ Kg5 60. Qd5+ Kh6 61. Qf3) 58... Qf4+ $19 {Black is clearly winning.} 59. Qxf4+ Kxf4 60. Ke2 Kxg4 61. Nb8 g5 62. Nd7 Bd8 63. Ne5+ Kf4 {Accuracy: White = 62%, Black = 78%.} 0-1

[Event "IV Copa Marcel Duchamp 2020"]
[Site "Montevideo"]
[Date "2020.02.09"]
[Round "2.4"]
[White "Lima, Darcy"]
[Black "Dominguez, Facundo"]
[Result "1-0"]
[WhiteElo "2526"]
[BlackElo "2135"]
[Annotator "TA"]
[PlyCount "77"]
[EventDate "2020.02.08"]
[EventType "swiss"]
[EventCountry "URU"]
[SourceTitle "playchess.com"]
[Source "ChessBase"]
[SourceQuality "1"]

{[%evp 18,77,0,0,0,0,0,0,13,4,13,0,0,0,18,10,55,55,87,92,93,29,20,22,24,8,33,32,32,32,51,51,51,32,32,22,32,32,38,39,59,29,29,8,29,8,42,42,42,42,74,38,38,38,38,38,38,39,141,202,370,366]} 1. g3 Nf6 2. Bg2 e5 3. e4 Bc5 4. Nc3 O-O 5. Nf3 Nc6 6. O-O d5 7. exd5 Nxd5 8. Re1 Nxc3 9. bxc3 Bb6 10. d3 f6 {[#] C47: Scotch Four Knights and Four Knights with 4 g3.} 11. Be3 $146 ({Predecessor:} 11. Nd2 Be6 12. a4 Qd7 13. Ba3 Rfe8 14. Nb3 Bd5 15. Bxd5+ Qxd5 16. Bb4 Nxb4 17. cxb4 c6 18. a5 {½-½ (37) Jimenez Melguizo,F (2280)-Morales,O (2279) ICCF email 2018}) 11... Bg4 12. Qb1 Re8 {The position is equal.} 13. Nd2 Be6 14. a4 Rb8 15. Qb5 Bd7 16. Qd5+ Be6 (16... Kh8 {is more complex.} 17. Nc4 Ne7 18. Qe4 Bc6 19. Qg4 Bxe3 20. Nxe3 Qd6) 17. Qxd8 $1 Rexd8 18. Bxc6 {[#] Threatens to win with Bh1.} bxc6 19. a5 ({White should play} 19. Bxb6 $16 axb6 20. f4) 19... Bxe3 $11 20. fxe3 Rb2 21. Rec1 Rdb8 22. c4 Bf5 {White should prevent ...Bxd3!} 23. e4 Bc8 24. Kf2 Kf8 25. Ra3 R2b4 26. Ke3 Ke7 27. Nb3 Kd6 28. Kd2 c5 29. Kc3 a6 30. Raa1 Be6 31. Nd2 Bd7 32. Nf1 h5 33. Ne3 c6 34. Rf1 Ke7 35. Rfe1 Be6 36. Nf1 Kf7 37. Nd2 Bg4 (37... Ke7 $1 $14) 38. Nb3 $16 R4b7 $2 {[#]} (38... Ke7 39. Nxc5 Bc8) 39. Nxc5 {Accuracy: White = 88%, Black = 71%.} 1-0

[Event "IV Copa Marcel Duchamp 2020"]
[Site "Montevideo"]
[Date "2020.02.09"]
[Round "2.5"]
[White "Curi, Gabriel"]
[Black "Vazquez, Guillermo"]
[Result "0-1"]
[WhiteElo "2132"]
[BlackElo "2524"]
[Annotator "TA"]
[PlyCount "74"]
[EventDate "2020.02.08"]
[EventType "swiss"]
[EventCountry "URU"]
[SourceTitle "playchess.com"]
[Source "ChessBase"]
[SourceQuality "1"]

{[%evp 10,74,15,4,44,13,31,21,12,26,16,22,26,12,37,30,51,20,21,25,23,7,37,-31,-36,-47,0,-31,-8,-23,-12,-23,-24,-70,-70,-75,-70,-77,-77,-75,-62,-156,-169,-197,-193,-237,-78,-68,-67,-327,-328,-311,-316,-495,-493,-893,-881,-815,-797,-895,-852,-29987,-29988,-29989,-29990,-29990,-29991]} 1. e4 c6 2. Nc3 d5 3. Nf3 Bg4 4. h3 Bxf3 5. Qxf3 e6 6. Be2 g6 {B11: Caro-Kann: Two Knights Variation.} 7. O-O Bg7 8. Rd1 d4 {The position is equal.} 9. Nb1 $1 Ne7 10. d3 c5 11. a4 O-O 12. Na3 Nbc6 13. Qg3 a6 14. Bf4 e5 15. Bd2 Rb8 16. f4 (16. h4 $14) 16... b5 $15 17. Rf1 Bh6 (17... f5 {keeps more tension.} 18. fxe5 Bxe5 19. Qh4 Qc7 20. Bh6 Rf7) 18. Qh4 (18. axb5 {is interesting.} axb5 19. Nb1 Bxf4 20. Bxf4 exf4 21. Qxf4 f6 22. Nd2) 18... Bxf4 19. Bxf4 exf4 20. axb5 axb5 21. Rxf4 Ne5 22. Raf1 N7c6 {[#] Hoping for ...Qxh4.} 23. Qh6 $146 {[#] aiming for Rh4.} ({Predecessor:} 23. Qf2 b4 24. Nb1 b3 25. c4 Nb4 26. Qg3 f6 27. Kh2 Qd6 28. Na3 Nc2 29. Nb5 {0-1 (53) Perez Ponsa,F (2553)-Nakamura,H (2781) Caleta 2018}) 23... f6 24. Nb1 Nb4 25. Bd1 (25. Na3 $15) 25... c4 $17 26. dxc4 bxc4 27. Nd2 Nxc2 $2 {[#]} (27... d3 $19 {and Black stays clearly on top.} 28. c3 Nc2) 28. Bxc2 Rxb2 29. Nxc4 $2 {[%mdl 8192]} (29. Rh4 $2 Rf7 $19) (29. Ba4 $15) 29... Nxc4 $19 30. e5 Nxe5 ({But not} 30... Rxc2 $2 31. Rxf6 Rxg2+ 32. Kh1 $18 (32. Kxg2 Ne3+ {[%mdl 64] Double Attack} 33. Kg1 Nxf1 $11)) 31. Be4 (31. Bd1 {keeps fighting.}) 31... d3 32. Kh1 (32. Qh4 $142) 32... d2 33. Rd1 f5 34. Rh4 Rf7 35. Bf3 Nxf3 {Black mates.} 36. gxf3 Qd3 37. Qf4 Rb1 {Accuracy: White = 56%, Black = 81%.} 0-1

[Event "IV Copa Marcel Duchamp 2020"]
[Site "Montevideo"]
[Date "2020.02.09"]
[Round "2.6"]
[White "Hungaski, Robert"]
[Black "Munoz Perez, Rolando"]
[Result "1/2-1/2"]
[WhiteElo "2504"]
[BlackElo "2130"]
[Annotator "TA"]
[PlyCount "88"]
[EventDate "2020.02.08"]
[EventType "swiss"]
[EventCountry "URU"]
[SourceTitle "playchess.com"]
[Source "ChessBase"]
[SourceQuality "1"]

{[%evp 25,88,44,39,43,55,19,34,23,27,10,10,17,16,0,0,0,0,-57,31,31,28,31,33,27,32,35,57,41,59,29,31,47,36,0,12,-31,-30,-54,-58,-36,0,0,0,0,0,0,0,0,0,0,0,0,0,0,0,0,0,0,0,0,0,0,0,0,0]} 1. Nf3 Nf6 2. c4 c5 3. Nc3 e6 4. g3 b6 5. Bg2 Bb7 6. O-O Be7 7. Re1 d6 8. e4 Nbd7 9. d4 cxd4 10. Nxd4 Qc7 11. b3 a6 12. Bb2 O-O 13. Rc1 Rac8 14. f4 {A30: Symmetrical English: Double Fianchetto and Hedgehog.} Rfd8 15. Kh1 Bf8 16. Qe2 {White is slightly better.} Qb8 17. f5 {[#]} exf5 $146 ({Predecessor:} 17... Re8 18. fxe6 fxe6 19. Rf1 Qa8 20. Rce1 Rc5 21. Kg1 Ne5 22. Bh3 Bc8 23. Na4 Rc7 24. Nxb6 {1-0 (51) Suter,S (2077)-Cohrs,G Biel 2000}) 18. Nxf5 g6 19. Nd4 Re8 20. Qf3 Bg7 21. Nd5 (21. Qf4 $11) 21... Bxd5 ({Black should try} 21... b5 $1 $15) 22. exd5 $14 {[#] Black must now prevent Nc6.} Rxe1+ 23. Rxe1 {Strongly threatening Nc6.} Re8 24. Rf1 Ne5 {[%cal Bd7e5,Be5g4,Bg4e3][%mdl 32]} 25. Qd1 Neg4 {White should prevent ...Ne3.} 26. Nc6 Qc7 {With the idea ...Ne3.} 27. Qa1 {[%cal Rb2f6]} Nh5 28. Bxg7 Nxg7 29. Qd4 h5 30. h3 Ne3 31. Re1 Ngf5 {[%mdl 64] [#] Double Attack} 32. Qf4 Qd7 (32... Kg7 $5 {[%cal Re3g2]} 33. Nd4 Re5 $11) 33. Qf2 $1 {The position is equal.} Nxg2 34. Kxg2 b5 35. cxb5 axb5 36. g4 Rxe1 37. Qxe1 hxg4 38. hxg4 Nh6 39. g5 Qg4+ 40. Qg3 {aiming for Qxg4.} Qe2+ 41. Qf2 $1 {[%cal Rf2e2]} Qg4+ 42. Qg3 {Qxg4 is the strong threat.} Qe2+ 43. Qf2 $1 {[%cal Rf2e2]} Qg4+ 44. Qg3 {Hoping for Qxg4.} Qe2+ {Accuracy: White = 77%, Black = 89%.} 1/2-1/2

[Event "IV Copa Marcel Duchamp 2020"]
[Site "Montevideo"]
[Date "2020.02.09"]
[Round "2.7"]
[White "Guerrero, Alvaro"]
[Black "Rodriguez Vila, Andres"]
[Result "0-1"]
[WhiteElo "2094"]
[BlackElo "2492"]
[Annotator "TA"]
[PlyCount "62"]
[EventDate "2020.02.08"]
[EventType "swiss"]
[EventCountry "URU"]
[SourceTitle "playchess.com"]
[Source "ChessBase"]
[SourceQuality "1"]

{[%evp 11,64,22,62,58,54,45,51,35,58,9,9,12,9,8,14,12,17,25,25,0,24,26,39,58,84,103,105,95,95,96,125,45,62,69,82,-18,36,23,63,44,54,62,130,149,120,-722,-733,-728,-708,-2268,-2105,-1563,-1213,-1177,-1151]} 1. d4 Nf6 2. c4 g6 3. Nc3 Bg7 4. e4 O-O 5. Be3 d6 6. f3 Na6 {6...Nc6 is setting a new trend.} 7. Nge2 {E81: King's Indian: Sämisch: 6th move deviations (including 6 Be3 c6).} c5 8. d5 Nc7 9. Ng3 {White is slightly better.} e6 10. Be2 exd5 11. cxd5 b5 {[%cal Bb7b5,Bb5b4][%mdl 32]} 12. Qd2 b4 13. Nd1 {[%cal Bc3d1,Bd1e3,Be3c4][%mdl 32] [#]} Re8 $146 ({Predecessor:} 13... Bd7 14. Bh6 Nb5 15. Bxb5 Bxb5 16. h4 Nd7 17. Bxg7 Kxg7 18. h5 Qe7 19. Ne3 Kg8 {0-1 (69) Defibaugh,J (2236)-Gonzalez,F (2315) ICC INT 2014}) 14. a3 a5 15. O-O Bd7 16. a4 Rb8 17. Bf4 Bc8 18. Ne3 h5 {White should prevent ...h4.} 19. Nc4 $1 h4 20. Nh1 ({But not} 20. Nxd6 $6 hxg3 21. Nxe8 gxh2+ 22. Kxh2 (22. Bxh2 Nfxe8 23. Bg3 Nd6 $11) 22... Nfxe8 $11) ({Of course not} 20. Nxa5 Ra8 $14) 20... Nh5 21. Bxd6 (21. Bg5 $1 $16 {[%cal Rg5d8]} Bf6 22. Be3) 21... Bd4+ 22. Nf2 Ba6 23. Bxc7 ({White should try} 23. Kh1 $16) 23... Qxc7 $11 24. Kh1 Kg7 25. Nh3 $1 Bc8 26. d6 Qd8 {[#]} ({Better is} 26... Qc6 $14) 27. f4 $1 $36 {[%mdl 2048] Black is under strong pressure.} Rxe4 28. Ng5 $2 {[%mdl 8192] [#]} (28. Bxh5 $16 gxh5 29. Ng5) 28... Ng3+ $1 $19 {[%mdl 512] Black is clearly winning.} 29. hxg3 hxg3 30. f5 Qh8+ 31. Nh3 {[#]} Bb7 {Played: Re4-h4} 0-1

[Event "IV Copa Marcel Duchamp 2020"]
[Site "Montevideo"]
[Date "2020.02.09"]
[Round "2.8"]
[White "Hoffman, Alejandro"]
[Black "Torella, Rodolfo"]
[Result "1-0"]
[WhiteElo "2472"]
[BlackElo "2081"]
[Annotator "TA"]
[PlyCount "51"]
[EventDate "2020.02.08"]
[EventType "swiss"]
[EventCountry "URU"]
[SourceTitle "playchess.com"]
[Source "ChessBase"]
[SourceQuality "1"]

{[%evp 16,51,33,27,53,53,45,15,0,12,63,33,52,42,54,58,88,70,89,76,92,46,104,103,101,85,197,202,409,440,381,420,375,240,666,643,743,688]} 1. d4 d5 2. c4 e6 3. Nf3 Nf6 4. Bg5 c6 5. e3 h6 6. Bxf6 Qxf6 7. Nc3 Nd7 8. Bd3 Bb4 9. O-O Bxc3 {D43: Semi-Slav: 5 Bg5 h6.} 10. bxc3 O-O 11. Rb1 dxc4 {The position is equal.} 12. Bxc4 e5 {[#]} (12... b6 $11) 13. Be2 $146 ({Predecessor:} 13. e4 exd4 14. cxd4 Nb6 15. Qb3 Qf4 16. Rfe1 Nxc4 17. Qxc4 Be6 18. Qc2 Rab8 19. a3 {½-½ (42) Prazmowski,B (1880)-Hanusek,K (1779) Murzasichle 2011}) 13... Re8 14. a4 {[%cal Ba2a4,Ba4a5][%mdl 32]} c5 15. a5 e4 16. Nd2 Qg5 17. Nc4 Nf6 18. Kh1 Rd8 ({Black should try} 18... Re7 $14) 19. Rb5 $16 Rd5 20. f4 Qh4 (20... exf3 $16 {is a better defense.} 21. Bxf3 Be6) 21. Ne5 $18 ({Resist} 21. Rxc5 $6 Rxc5 22. dxc5 Ng4 $14) 21... cxd4 $2 (21... b6 {might work better.} 22. Qa4 (22. axb6 axb6 23. Bc4 Ng4 $16 {[%mdl 64] Double Attack}) 22... Ba6) 22. Rxd5 Nxd5 23. Qxd4 {[%mdl 64] [#] Double Attack} Nc7 24. Qxe4 {Black must now prevent Bd3.} Rb8 $2 (24... Qe7 25. Rd1 Be6 26. Qxb7 Qc5) 25. Bd3 {aiming for Qh7+.} f5 26. Qc4+ {[%mdl 64] Double Attack. Accuracy: White = 63%, Black = 36%.} 1-0

[Event "IV Copa Marcel Duchamp 2020"]
[Site "Montevideo"]
[Date "2020.02.09"]
[Round "2.9"]
[White "Suarez, Pedro"]
[Black "Diaz Hollemaert, Nahuel"]
[Result "0-1"]
[WhiteElo "2063"]
[BlackElo "2450"]
[Annotator "TA"]
[PlyCount "72"]
[EventDate "2020.02.08"]
[EventType "swiss"]
[EventCountry "URU"]
[SourceTitle "playchess.com"]
[Source "ChessBase"]
[SourceQuality "1"]

{[%evp 12,94,0,0,8,0,7,0,0,-20,0,0,0,0,0,0,0,-14,-5,-22,-15,-26,-30,-45,-41,-56,-58,-69,-56,-112,-101,-116,-119,-106,-96,-129,-104,-129,-125,-149,-154,-154,-169,-162,-167,-174,-173,-166,-162,-193,-193,-183,-187,-183,-183,-307,-300,-313,-295,-342,-339,-333,-306,-319,26,-305,-96,-363,-358,-368,-355,-361,-332,-363,-353,-454,-342,-493,-493,-502,-512,-677,-664,-645,-652]} 1. d4 Nf6 2. c4 e6 3. Nc3 Bb4 4. e3 c5 5. Bd3 Nc6 6. Nge2 cxd4 7. exd4 O-O {E41: Nimzo-Indian: Rubinstein: 4...c5 5 Bd3, including Hübner Variation} 8. O-O d5 9. Bf4 dxc4 {The position is equal.} 10. Bxc4 {[#]} Bxc3 $146 ({Predecessor:} 10... Bd6 11. Qc1 b6 12. Rd1 Na5 13. Bd3 Bxf4 14. Nxf4 Bb7 15. h3 Rc8 16. Qe3 Rc7 17. Nb5 Rd7 {½-½ (79) Glembek,B (2212)-Pheby,I (2246) ICCF email 2016}) 11. bxc3 b6 12. Qd3 Na5 13. Bb3 Bb7 14. Qh3 Bd5 15. Bc2 Be4 16. Bxe4 Nxe4 17. Rfd1 Rc8 18. Qd3 Qd5 19. f3 Nf6 20. Ng3 (20. Be5 $15) 20... Qc6 21. Rac1 Nd5 22. Ne2 Nc4 {Hoping for ...Nb2.} 23. Qb1 Rfd8 24. Qb3 Na5 25. Qa3 Qb5 26. Kf2 Rc4 {[%cal Bc8c4,Bc4a4,Ba4a5][%mdl 32]} 27. Rb1 Qc6 28. Bd2 Ra4 29. Qb2 Rc8 30. Rbc1 Nc4 31. Qc2 Qb5 $36 {[%mdl 2048] Black is on the roll.} 32. Qb3 Qa6 33. Rc2 (33. Ra1 {only move.}) 33... Ra5 $19 {White must now prevent ...Rb5.} 34. Rb1 Na3 {[%mdl 64] Double Attack} 35. Rbb2 Nxc2 36. Qxc2 Ra3 {Played: Qa6-c4} 0-1

[Event "IV Copa Marcel Duchamp 2020"]
[Site "Montevideo"]
[Date "2020.02.09"]
[Round "2.10"]
[White "Garcia Palermo, Carlos"]
[Black "Meza, Anahi"]
[Result "0-1"]
[WhiteElo "2434"]
[BlackElo "2046"]
[Annotator "TA"]
[PlyCount "61"]
[EventDate "2020.02.08"]
[EventType "swiss"]
[EventCountry "URU"]
[SourceTitle "playchess.com"]
[Source "ChessBase"]
[SourceQuality "1"]

{[%evp 14,61,0,-23,48,48,83,37,20,0,3,0,0,0,0,0,-3,0,36,36,66,33,39,34,34,26,39,21,54,45,75,0,0,0,0,0,0,-7,0,0,0,-175,-191,-154,-191,-204,-189,-218,-207,-236]} 1. d4 Nf6 2. Bg5 Ne4 3. Bf4 c5 4. f3 Qa5+ 5. c3 Nf6 6. Nd2 cxd4 7. Nb3 Qb6 8. cxd4 {[#]} d6 $146 {A45: Trompowsky Attack.} (8... a5 $11) ({Predecessor:} 8... Nc6 9. e4 e5 10. dxe5 Bb4+ 11. Ke2 Nxe5 12. Qd4 Ng6 13. Be3 d5 14. exd5 O-O 15. a3 Qxd4 16. Bxd4 {0-1 (89) Hodgson,J (2550)-Gelfand,B (2665) Groningen 1996}) 9. e4 $14 Nbd7 10. a4 {[%cal Ba2a4,Ba4a5][%mdl 32]} e5 {White is slightly better.} 11. a5 Qd8 12. Bg3 Nh5 13. Ne2 Nxg3 14. hxg3 Be7 15. Nc3 $36 {[%mdl 2048] White is pushing.} exd4 16. Nxd4 O-O 17. Bc4 Ne5 18. Bd5 {f4 is the strong threat.} Rb8 19. Qd2 Bd7 20. O-O h5 21. Nf5 b5 22. Bb3 (22. b4 $16) 22... Bxf5 $11 23. exf5 Nc4 24. Bxc4 bxc4 25. Nd5 Bf6 26. Ra2 Rb3 27. Rf2 $2 {[#]} (27. Qf4 $11 {and White stays safe.}) 27... Rd3 $19 {Black is clearly better.} 28. Nxf6+ Qxf6 29. Qf4 Rd4 30. Qe3 Rd1+ 31. Kh2 {Accuracy: White = 68%, Black = 67%.} 0-1

[Event "IV Copa Marcel Duchamp 2020"]
[Site "Montevideo"]
[Date "2020.02.09"]
[Round "2.11"]
[White "Pichuaga, Juan Pablo"]
[Black "Roselli Mailhe, Bernardo"]
[Result "1/2-1/2"]
[WhiteElo "2030"]
[BlackElo "2433"]
[Annotator "ChessBase"]
[PlyCount "128"]
[EventDate "2020.02.08"]
[EventType "swiss"]
[EventCountry "URU"]
[SourceTitle "playchess.com"]
[Source "ChessBase"]
[SourceQuality "1"]
[TimeControl "5400+30"]

1. e4 {[%emt 0:00:00]} c5 {[%emt 0:00:00]} 2. Nc3 {[%emt 0:00:00]} e6 {[%emt 0:00:00]} 3. d3 {[%emt 0:00:04]} Nc6 {[%emt 0:01:19]} 4. g3 {[%emt 0:00:07]} d5 {[%emt 0:03:30]} 5. Bg2 {[%emt 0:00:24]} d4 {[%emt 0:03:42]} 6. Nce2 {[%emt 0:01:10]} Bd6 {[%emt 0:05:49]} 7. f4 {[%emt 0:02:30]} f6 {[%emt 0:06:23]} 8. Nf3 {[%emt 0:02:06]} Bd7 {[%emt 0:00:37]} 9. c3 {[%emt 0:03:33]} e5 {[%emt 0:06:50]} 10. O-O {[%emt 0:02:02]} Qb6 {[%emt 0:02:53]} 11. c4 {[%emt 0:08:41]} O-O-O {[%emt 0:04:54]} 12. Rb1 {[%emt 0:02:59]} h6 {[%emt 0:04:44]} 13. a3 {[%emt 0:06:49]} a5 {[%emt 0:02:41]} 14. b3 {[%emt 0:04:06]} Nge7 {[%emt 0:01:56]} 15. Bd2 {[%emt 0:06:42]} Rde8 {[%emt 0:02:07]} 16. f5 {[%emt 0:08:51]} g6 {[%emt 0:03:24]} 17. fxg6 {[%emt 0:08:02]} Nxg6 {[%emt 0:08:02]} 18. Nh4 {[%emt 0:03:01]} Nxh4 {[%emt 0:03:25]} 19. gxh4 {[%emt 0:00:20]} Reg8 {[%emt 0:00:46]} 20. Ng3 {[%emt 0:02:03]} Rg4 {[%emt 0:05:01]} 21. Rxf6 {[%emt 0:09:19]} Be7 {[%emt 0:04:19]} 22. Rxh6 {[%emt 0:08:42]} Rxh6 {[%emt 0:00:19]} 23. Bxh6 {[%emt 0:00:08]} Rxh4 {[%emt 0:00:03]} 24. Qd2 {[%emt 0:03:38]} Qd8 {[%emt 0:01:22]} 25. Rf1 {[%emt 0:01:00]} Qh8 {[%emt 0:07:01]} 26. Bg5 {[%emt 0:00:58]} Bxg5 {[%emt 0:01:02]} 27. Qxg5 {[%emt 0:00:07]} Rxh2 {[%emt 0:01:43]} 28. Nf5 {[%emt 0:03:11]} Rh7 {[%emt 0:01:29]} 29. Qg6 {[%emt 0:01:57]} Bxf5 {[%emt 0:11:27]} 30. exf5 {[%emt 0:01:34]} Rh6 {[%emt 0:00:17]} 31. Qg4 {[%emt 0:03:26]} Qf6 {[%emt 0:00:42]} 32. Qg8+ {[%emt 0:01:29]} Kc7 {[%emt 0:00:48]} 33. Qd5 {[%emt 0:00:27]} Qg5 {[%emt 0:02:34]} 34. Qxc5 {[%emt 0:03:18]} Rf6 {[%emt 0:01:38]} 35. Rf3 {[%emt 0:01:12]} Qc1+ {[%emt 0:01:12]} 36. Kf2 {[%emt 0:00:40]} Qd2+ {[%emt 0:00:41]} 37. Kf1 {[%emt 0:00:46]} Rxf5 {[%emt 0:00:56]} 38. Rxf5 {[%emt 0:00:57]} Qxd3+ {[%emt 0:00:03]} 39. Kg1 {[%emt 0:00:22]} Qxf5 {[%emt 0:00:07]} 40. Bxc6 {[%emt 0:01:04]} bxc6 {[%emt 0:00:19]} 41. Qe7+ {[%emt 0:01:02]} Kc8 {[%emt 0:01:48]} 42. Qe8+ {[%emt 0:00:42]} Kc7 {[%emt 0:00:54]} 43. Qe7+ {[%emt 0:00:09]} Kc8 {[%emt 0:00:29]} 44. Qe8+ {[%emt 0:00:06]} Kb7 {[%emt 0:00:02]} 45. Qe7+ {[%emt 0:01:00]} Ka6 {[%emt 0:00:18]} 46. Qe8 {[%emt 0:00:31]} Qg4+ {[%emt 0:00:55]} 47. Kf2 {[%emt 0:00:18]} Qf4+ 48. Kg2 {[%emt 0:00:13]} Qg5+ {[%emt 0:01:16]} 49. Kf2 {[%emt 0:00:13]} Qh4+ {[%emt 0:00:33]} 50. Kg2 {[%emt 0:00:09]} Qe4+ {[%emt 0:00:48]} 51. Kf2 {[%emt 0:00:58]} Qc2+ {[%emt 0:00:32]} 52. Kg1 {[%emt 0:00:45]} Qd1+ {[%emt 0:00:11]} 53. Kg2 {[%emt 0:00:13]} Qe2+ {[%emt 0:00:10]} 54. Kg1 {[%emt 0:00:25]} Qe1+ {[%emt 0:01:27]} 55. Kh2 {[%emt 0:00:53]} Qf2+ {[%emt 0:00:35]} 56. Kh1 {[%emt 0:00:20]} Qf3+ {[%emt 0:00:31]} 57. Kh2 {[%emt 0:00:22]} Qf4+ {[%emt 0:00:22]} 58. Kg1 {[%emt 0:00:16]} Qg3+ {[%emt 0:00:44]} 59. Kh1 {[%emt 0:00:28]} Qf3+ {[%emt 0:00:33]} 60. Kg1 {[%emt 0:00:05]} d3 {[%emt 0:00:24]} 61. Qa8+ {[%emt 0:00:31]} Kb6 {[%emt 0:00:06]} 62. Qb8+ {[%emt 0:00:10]} Ka6 {[%emt 0:00:18]} 63. Qa8+ {[%emt 0:00:09]} Kb6 {[%emt 0:00:05]} 64. Qb8+ {[%emt 0:00:07]} Ka6 1/2-1/2